000 00734nam a22002057a 4500
999 _c13293
_d13293
003 AR-CdUCM
008 190411b ||||| |||| 00| 0 spa d
040 _aMUNICIPALIDAD PROVINCIAL DEL CUSCO
_cBIBLIOTECA MUNICIPAL DEL CUSCO
082 _aC / 657 /
_bAP64
100 _aAparicio Paez, V. I.
_931635
245 _aOrganización contable /
260 _aCuzco :
_bH. G. Rozas,
_c1957.
300 _a273 páginas ;
_c21 cm.
505 _aContenido: Organización de cuentas -- La organización de los libros diarios -- La organización de los libros mayor.
650 _aContabilidad
_910543
650 _aOrganización
_94866
710 _aUniversidad Nacional del Cuzco
_923977
942 _2ddc
_cLIBROS
945 _aacv
_d2019-04-11